00434cam a2200169ua 45000010005000000080039000050400009000440410008000530820012000611000024000732450049000972500009001462600037001553000010001926530044002026530018002467344141208n ii |||gr||||Z||||||ben cMAIN aben a891.441 aSarma, S.,eEditor. aKabya manjuricEdited by Satyandranath Sarma a1st. aGuwahati:bAssam Akademi,c1962. a159p. aEast Indo-European & Celtic literatures aBengali poems